00835nam a2200217 a 450000100100000000500170001000800410002704000250006808200190009310000360011224500990014826000360024730000350028350000430031865000290036165000310039070000470042104900090046895201230047799900170060000002118520200930011246.0100901s1965 ag r 000 p spa d aDO-SdBNPbspacBNPHU aA861.44bB658c1 aBlunno, Domingo Alberto,94428910aContigo, María... poesias /cDomingo Alberto Blunno ; prólogo de José Armagno Cosentino. aBuenos Aires :b[s. n.],c1965. a42, [1] p. :bretrs. ;c18 cm. aIncluye notas al pie de las páginas. 4aPoesía argentina93859 4aLiteratura argentina938601 aCosentino, José Armagno,epról.944290 aBNGR 001052708MOaGRbGRcCTd2010-09-01iLF1l0oA861.44 B658cp21185-10r2020-06-25w2020-06-25y2ZPréstamo interno c20686d20686